00314nam a2200121 a 4500001000400000003000500004005001700009008004100026040002000067100002100087245006400108260002000172615CDMR20130116135156.0130130s1973||||||||||||||||||||||||||||d aCDMRbcatcCDMR1 aGarrido, Alberto10aCuatro año de política exterior USA...cAlberto Garrido aBarcelonac1973